ბათუმის შოთა რუსთაველის სახელმწიფო უნივერსიტეტის ბიბლიოთეკა

ქართველი ერის ისტორია. წ. 4 : XV-XVIII საუკუნეები (ბიბ.ჩანაწერი № 56606)

000 -LEADER
fixed length control field 01294nam a2200253Ia 4500
001 - CONTROL NUMBER
control field 23722
003 - CONTROL NUMBER IDENTIFIER
control field GE_BSU
008 - FIXED-LENGTH DATA ELEMENTS--GENERAL INFORMATION
fixed length control field 181216s||||||||xx |||||||||||||| ||und||
040 ## - CATALOGING SOURCE
Transcribing agency GE_BSU
080 ## - UNIVERSAL DECIMAL CLASSIFICATION NUMBER
Universal Decimal Classification number 94(479.22)"14/17
100 ## - MAIN ENTRY--PERSONAL NAME
Personal name ჯავახიშვილი, ი. (ივანე, 1876-1940)
245 ## - TITLE STATEMENT
Title ქართველი ერის ისტორია. წ. 4 : XV-XVIII საუკუნეები
245 ## - TITLE STATEMENT
Statement of responsibility, etc. შესავ. წერილი. ს. ყაუხჩიშვილი.
260 ## - PUBLICATION, DISTRIBUTION, ETC.
Place of publication, distribution, etc. თბილისი
260 ## - PUBLICATION, DISTRIBUTION, ETC.
Name of publisher, distributor, etc. თბილ. უნ-ტის გამ-ბა
260 ## - PUBLICATION, DISTRIBUTION, ETC.
Date of publication, distribution, etc. 1967
300 ## - PHYSICAL DESCRIPTION
Extent 490 გვ. : 5ფ. ილ. და პორტრ. 24 სმ.
300 ## - PHYSICAL DESCRIPTION
Accompanying material საძიებელი: პირთა და გეოგრაფიული სახელები, გვ. 465-483.
520 ## - SUMMARY, ETC.
Summary, etc. დასაბეჭდად მოამზადა და ივ. ჯავახიშვილის არქივში დაცული მასალით შეავსო სიმ. ყაუხჩიშვილმა
653 ## - INDEX TERM--UNCONTROLLED
Uncontrolled term XV-XVIII საუკუნეები
653 ## - INDEX TERM--UNCONTROLLED
Uncontrolled term ქართველი ერის ისტორია. წ. 4
942 ## - ADDED ENTRY ELEMENTS (KOHA)
Koha item type წიგნი
ეგზემპლარები
Withdrawn status Lost status Damaged status Not for loan Date acquired Barcode Date last seen Price effective from Koha item type
        2018-12-17 28538 2018-12-17 2018-12-17 წიგნი